000 00331 a2200121 4500
999 _c11335
_d11335
008 230320b ||||| |||| 00| 0 eng d
020 _a9789354750700
100 _aClaude Fayette Bragdon
245 _aThe beautiful necessity; seven essays on theosophy and architecture
260 _bManas Press
300 _a51p;.
942 _2ddc